ბათუმის შოთა რუსთაველის სახელმწიფო უნივერსიტეტის ბიბლიოთეკა

სწორი სუნთქვა ჯანმრთელობის საწინდარია / (ბიბ.ჩანაწერი № 62620)

000 -ლიდერი
ფიქსირებული სიგრძის საკონტროლო ველი 00796nam a22001817a 4500
003 - საკონტროლო ნომრის იდენტიფიკატორი
საკონტროლო ველი Ge_BSU
005 - ბოლო ოპერაციის თარიღი და დრო
საკონტროლო ველი 20241219113812.0
008 - ფიქსირებული სიგრძის მონაცემთა ელემენტები - ზოგადი ინფორმაცია
ფიქსირებული სიგრძის საკონტროლო ველი 241219s1982 ge ||||| |||| 00| 0 geo d
041 ## - ენის კოდი
Language code of text/sound track or separate title geo
080 ## - უნივერსალური ათობითი კლასიფიკაციის ინდექსი
Universal Decimal Classification number 612.2 დ-37
100 ## - მთავარი ჩანაწერი - პიროვნების სახელი
Personal name დერბოლოვსკი, უდო
9 (RLIN) 24009
245 ## - ცნობა სათაურის შესახებ
Title სწორი სუნთქვა ჯანმრთელობის საწინდარია /
Statement of responsibility, etc უდო დერბოლოვსკი; თარგმნა დ. გეგენავამ.
264 ## - წარმოების, გამოცემის, დისტრიბუციის და სხვა ცნობები
გამოცემის, წარმოების, დისტრიბუციის... ადგილი თბ. :
გამოცემის, წარმოების, დისტრიბუციის... სახელწოდება საბჭ. საქართველო,
გამოცემის, წარმოების, დისტრიბუციის... თარიღი 1982.
300 ## - ფიზიკური აღწერა
Extent 147გვ. :
Other physical details ილ. ;
Dimensions 20სმ.
653 ## - INDEX TERM--UNCONTROLLED
Uncontrolled term სუნთქვა
700 ## - ADDED ENTRY--PERSONAL NAME
Personal name გეგენავა, დ.
Relator term მთარგმნელი
9 (RLIN) 9360
942 ## - ADDED ENTRY ELEMENTS (KOHA)
Source of classification or shelving scheme
Koha item type წიგნი
ეგზემპლარები
ჩამოწერის სტატუსი დაკარგული ეგზემპლარის სტატუსი კლასიფიკაციის წყარო ან თაროზე გაწყობის სქემა დაზიანების სტატუსი არ გაიცემა მუდმივი მდებარეობა (დაცვის ადგილი) ამჟამინდელი ადგილსამყოფელი თაროზე განთავსების ადგილი შეძენის თარიღი პერიოდიკის ნუმერაცია / ქრონოლოგია სრული შენახვის შიფრი შტრიხკოდი ბოლო ოპერაციის თარიღი ეგზემპლარის მიმდევრობითი ნომერი (კეტერი?) ფასის ძალაში შესვლის თარიღი ეგზემპლარის სახეობა საჯარო შენიშვნა
          ბათუმის შოთა რუსთაველის სახელმწიფო უნივერსიტეტის მთავარი ბიბლიოთეკა ბათუმის შოთა რუსთაველის სახელმწიფო უნივერსიტეტის მთავარი ბიბლიოთეკა წიგნსაცავი 2024-12-19 0.50 612.2 დ-37 70063 2024-12-19 70063 2024-12-19 წიგნი 0.50 თ.